LEADER 01503nam0 2200349 450 001 000019706 005 20070220133400.0 010 $a88-464-6162-2 100 $a20070220d2005----km-y0itaa50------ba 101 0 $aita 102 $aIT 200 1 $aDistribuzione commerciale e trasporti in Italia$emetodo e manuale per le previsioni di mobilitą$fGianfranco Fancello 210 $aMilano$cFranco Angeli$dc2005 215 $a340 p.$d23 cm. 225 2 $aEconomia e politica industriale$v268 300 $aSul front. e in cop.: CIREM (Centro interuniversitario ricerche economiche e di mobilitą) Universitą di Cagliari 410 1$12001$aEconomia e politica industriale$v268 606 1 $aMerci$xDistribuzione$yItalia 606 2 $aAziende commerciali 606 2 $aItalia$xCommercio 676 $a381.0945$v(21. ed.)$9Commercio interno. Italia 700 1$aFancello,$bGianfranco$0274602 801 0$aIT$bUniversitą della Basilicata - B.I.A.$gRICA$2unimarc 912 $a000019706 996 $aDistribuzione commerciale e trasporti in Italia$986677 997 $aUNIBAS BAS $aINGEGNERIA CAT $aTTM$b30$c20070220$lBAS01$h1313 CAT $aTTM$b30$c20070220$lBAS01$h1334 FMT Z30 -1$lBAS01$LBAS01$mBOOK$1BASA2$APolo Tecnico-Scientifico$2DID$BDidattica$3PTS.s4.p22.33$6105351$5T105351$820070220$f98$FConsultazione Z30 -1$lBAS01$LBAS01$mBOOK$1BASA2$APolo Tecnico-Scientifico$2DID$BDidattica$3PTS.s4.p22.33A$6105352$5T105352$820070220$f04$FPrestabile Didattica LEADER 01635nam0 22003493i 450 001 VAN0240179 005 20221118104327.722 017 70$2N$a9783030527549 100 $a20220214d2021 |0itac50 ba 101 $aeng 102 $aCH 105 $a|||| ||||| 200 1 $aSocial Movements and Public Policies in Southern European Cities$feditors Laura Fregolent, Oriol Nel·lo 210 $aCham$cSpringer$d2021 215 $aVI, 179 p.$cill.$d24 cm 410 1$1001VAN0240180$12001 $aUrban and Landscape Perspectives$feditor Giovanni Maciocco$1210 $aCham$cSpringer$v21 620 $aCH$dCham$3VANL001889 676 $a711$cUrbanistica (Pianificazione territoriale)$v22 676 $a304.2$cAntropologia ecologica. Geografia umana$v22 676 $a910$cGeografia generale$v22 676 $a301$cSociologia generale$v22 702 1$aFregolent$bLaura$3VANV047836 702 1$aNel·lo$bOriol$3VANV196835 712 $aSpringer$3VANV108073$4650 801 $aIT$bSOL$c20221125$gRICA 856 4 $uhttps://link.springer.com/book/10.1007/978-3-030-52754-9$zE-book - Accesso al full-text attraverso riconoscimento IP di Ateneo, proxy e/o Shibboleth 899 $aBIBLIOTECA DEL DIPARTIMENTO DI SCIENZE E TECNOLOGIE AMBIENTALI BIOLOGICHE E FARMACEUTICHE$1IT-CE0101$2VAN17 912 $fN 912 $aVAN0240179 950 $aBIBLIOTECA DEL DIPARTIMENTO DI SCIENZE E TECNOLOGIE AMBIENTALI BIOLOGICHE E FARMACEUTICHE$d17CONS e-book 2224 $e17BIB2224/103 103 20220214 996 $aSocial Movements and Public Policies in Southern European Cities$92595505 997 $aUNISOB LEADER 01687oam 2200421 a 450 001 9910698861003321 005 20110815152224.0 035 $a(CKB)5470000002397255 035 $a(OCoLC)352927633 035 $a(EXLCZ)995470000002397255 100 $a20090527d2008 ua 0 101 0 $aeng 135 $aurmn||||||||| 181 $ctxt$2rdacontent 182 $cc$2rdamedia 183 $acr$2rdacarrier 200 00$aMarital status is associated with health insurance coverage for working-age women at all income levels, 2007$b[electronic resource] /$fAmy B. Bernstein ... [and others] 210 1$aHyattsville, MD :$cU.S. Dept. of Health and Human Services, Center for Disease Control and Prevention, National Center for Health Statistics,$d[2008] 215 $a8 unnumbered pages $cdigital, PDF file 225 1 $aNCHS data brief,$x1941-4935 ;$vno. 11 225 1 $aDHHS publication ;$vno. (PHS) 2008-1209 300 $aTitle from title screen (viewed on May 27, 2009). 300 $a"December 2008." 320 $aIncludes bibliographical references (page [8]). 606 $aHealth insurance$zUnited States$vStatistics 606 $aWomen's health services$zUnited States$vStatistics 608 $aStatistics.$2lcgft 615 0$aHealth insurance 615 0$aWomen's health services 701 $aBernstein$b A. B$g(Amy B.)$01403602 712 02$aNational Center for Health Statistics (U.S.) 801 0$bGPO 801 1$bGPO 801 2$bGPO 906 $aBOOK 912 $a9910698861003321 996 $aMarital status is associated with health insurance coverage for working-age women at all income levels, 2007$93523155 997 $aUNINA